000 00702nam a2200205Ii 4500
003 JO-AjNU
008 230605s9999||||xx |||||||||||||| ||und||
017 _a1992/3874
040 _aJO-AjNU
_bara
_erda
_cJO-AjNU
041 _aara
050 1 4 _aBP134.E6.H33 1992
100 3 _aتاليف حفنى، عبد الحليم,
_eauthor
_99538
245 0 0 _aإنصاف الخصم في القرآن واثره الإعلامي
264 3 1 _aالقاهرة: الهيئة المصرية العامة للكتاب، 1992
300 _a363ص
336 _atext
_btxt
_2rdacontent
337 _aunmediated
_bn
_2rdamedia
338 _avolume
_bnc
_2rdacarrier
650 4 _aالقران - مباحث عامة
_99539
999 _aA1352
_c4920
_d4920